[Event "I LIGA CS 2017"]
[Site "Banja Vrujci"]
[Date "2017.09.24"]
[Round "11.12"]
[White "Ilic, Dragan M"]
[Black "Dudukovic, Nikola"]
[Result "1/2-1/2"]
[WhiteElo "2311"]
[BlackElo "2349"]
[PlyCount "60"]
[EventDate "2017.??.??"]
[WhiteClock "0:03:06"]
[BlackClock "0:04:20"]

1. d4 Nf6 2. c4 e6 3. Nc3 d5 4. cxd5 exd5 5. Nf3 Be7 6. Bg5 O-O 7. e3 c6 8. Qc2
Re8 9. Bd3 Nbd7 10. h3 Nf8 11. O-O g6 12. Bh6 Ne6 13. Ne5 Ng7 14. g4 Nd7 15. f4
Nxe5 16. fxe5 Rf8 17. Rae1 Be6 18. Rf3 Bg5 19. Bxg5 Qxg5 20. Ref1 h5 21. Qg2
hxg4 22. hxg4 Qxg4 23. Rg3 Qh4 24. Rf4 Qh7 25. Rg5 Bd7 26. Rf6 Qh4 27. Bxg6
Qe1+ 28. Kh2 fxg6 29. Rfxg6 Qh4+ 30. Kg1 Qe1+ 1/2-1/2

[Event "I LIGA CS 2017"]
[Site "Banja Vrujci"]
[Date "2017.09.24"]
[Round "11.2"]
[White "Ilincic, Zlatko"]
[Black "Damljanovic, Branko"]
[Result "1/2-1/2"]
[WhiteElo "2436"]
[BlackElo "2543"]
[PlyCount "123"]
[EventDate "2017.??.??"]
[WhiteClock "0:05:23"]
[BlackClock "0:01:18"]

1. d4 Nf6 2. c4 d6 3. Nf3 Nbd7 4. Nc3 c6 5. e4 e5 6. Be2 g6 7. O-O Bg7 8. dxe5
dxe5 9. b4 O-O 10. Bb2 b6 11. Nd2 Re8 12. Nb3 Bf8 13. b5 Bb7 14. bxc6 Bxc6 15.
Qd3 a5 16. a4 Rc8 17. Nd5 Bb7 18. f4 Bg7 19. f5 Ba6 20. fxg6 hxg6 21. Qf3 Bxc4
22. Bxc4 Rxc4 23. Bc1 Re6 24. Bg5 Qe8 25. Qd3 Rc8 26. Rac1 Rxc1 27. Rxc1 Qf8
28. Rc7 Re8 29. Qb5 Nxd5 30. exd5 Nf6 31. Nd2 e4 32. Nc4 e3 33. Bxe3 Ng4 34.
Qxb6 Nxe3 35. Nxe3 Qa3 36. Kf2 Qxa4 37. Rc4 Qa2+ 38. Rc2 Qa1 39. d6 Qf6+ 40.
Ke2 Qf5 41. Kd1 Qd3+ 42. Rd2 Qxe3 43. Qxe3 Rxe3 44. d7 Bf6 45. d8=Q+ Bxd8 46.
Rxd8+ Kg7 47. Ra8 Re5 48. Kd2 Kf6 49. Ra7 Ke6 50. Kd3 f6 51. g4 g5 52. h3 Rb5
53. Ke2 Ke5 54. Ra6 Rb2+ 55. Kf3 Rb3+ 56. Kg2 Rb5 57. h4 gxh4 58. Kh3 f5 59. g5
Kf4 60. Kxh4 Rb2 61. Kh3 Kxg5 62. Rxa5 1/2-1/2

[Event "I LIGA CS 2017"]
[Site "Banja Vrujci"]
[Date "2017.09.24"]
[Round "11.7"]
[White "Livaic, Leon"]
[Black "Mastrovasilis, Athanasios"]
[Result "1/2-1/2"]
[WhiteElo "2461"]
[BlackElo "2473"]
[PlyCount "33"]
[EventDate "2017.??.??"]
[WhiteClock "1:18:51"]
[BlackClock "1:29:44"]

1. d4 Nf6 2. c4 e6 3. Nf3 d5 4. Nc3 c5 5. cxd5 Nxd5 6. e4 Nxc3 7. bxc3 cxd4 8.
cxd4 Bb4+ 9. Bd2 Bxd2+ 10. Qxd2 O-O 11. Rc1 b6 12. Bd3 Bb7 13. O-O Nd7 14. Qe3
Nf6 15. Ne5 Qe7 16. f3 Rac8 17. Rxc8 1/2-1/2

[Event "I LIGA CS 2017"]
[Site "Banja Vrujci"]
[Date "2017.09.24"]
[Round "11.8"]
[White "Markovic, Miroslav"]
[Black "Vucinic, Gojko"]
[Result "1-0"]
[WhiteElo "2451"]
[BlackElo "2403"]
[PlyCount "87"]
[EventDate "2017.??.??"]

1. e4 c5 2. Nf3 d6 3. g3 Nc6 4. Bg2 g6 5. O-O Bg7 6. c3 e5 7. d3 Nge7 8. a3 a5
9. a4 O-O 10. Na3 h6 11. Nb5 Be6 12. Nd2 f5 13. Nc4 Nc8 14. Ne3 f4 15. Nd5 Bxd5
16. exd5 N6e7 17. d4 cxd4 18. cxd4 Na7 19. Nc3 exd4 20. Ne4 fxg3 21. hxg3 Kh7
22. Qb3 b5 23. Bf4 bxa4 24. Rxa4 Rb8 25. Qa2 Nac8 26. Bd2 Rf5 27. Bxa5 Qe8 28.
Ra3 Nxd5 29. Re1 Qf8 30. Bh3 Re5 31. f4 Nxf4 32. gxf4 Qxf4 33. Bd2 Qh4 34. Bg2
d5 35. Rh3 Qd8 36. Nf2 Rxe1+ 37. Bxe1 Nd6 38. Bd2 Nc4 39. Bxh6 Ra8 40. Bg5+ Kg8
41. Bxd8 Rxa2 42. Bxd5+ Kf8 43. Bxc4 Rxb2 44. Bg5 1-0

[Event "I LIGA CS 2017"]
[Site "Banja Vrujci"]
[Date "2017.09.24"]
[Round "11.3"]
[White "Ostojic, Nikola"]
[Black "Kojovic, Dragan"]
[Result "1/2-1/2"]
[WhiteElo "2422"]
[BlackElo "2381"]
[PlyCount "26"]
[EventDate "2017.??.??"]
[WhiteClock "1:17:06"]
[BlackClock "1:17:24"]

1. Nf3 Nf6 2. g3 b6 3. Bg2 Bb7 4. O-O g6 5. c4 Bg7 6. Nc3 O-O 7. d4 Ne4 8. Nxe4
Bxe4 9. Bg5 c5 10. Qd2 Nc6 11. d5 Bxf3 12. Bxf3 Ne5 13. d6 Nxf3+ 1/2-1/2

[Event "I LIGA CS 2017"]
[Site "Banja Vrujci"]
[Date "2017.09.24"]
[Round "11.6"]
[White "Rabrenovic, Vladan"]
[Black "Zivkovic, Dejan"]
[Result "1-0"]
[WhiteElo "2337"]
[BlackElo "2302"]
[PlyCount "76"]
[EventDate "2017.??.??"]
[WhiteClock "0:06:23"]

1. d4 b5 2. Nf3 Bb7 3. e3 a6 4. Bd3 e6 5. O-O Nf6 6. Nbd2 c5 7. c3 Nc6 8. e4
cxd4 9. cxd4 d5 10. e5 Nd7 11. Nb3 Be7 12. Be3 O-O 13. Rc1 Rc8 14. Bb1 b4 15.
Qd3 g6 16. Bh6 Re8 17. Qe3 f5 18. Bg5 a5 19. Bxe7 Rxe7 20. Nc5 Nxc5 21. Rxc5
Rec7 22. Rfc1 Qe7 23. Kh1 Nb8 24. Bd3 Ba6 25. Ne1 Rxc5 26. dxc5 Bxd3 27. Nxd3
Nc6 28. g3 a4 29. h4 Rb8 30. Kg2 b3 31. a3 Na5 32. Qd4 Nc4 33. Nf4 Rd8 34. Nxe6
Qxe6 35. Rxc4 dxc4 36. Qxd8+ Kf7 37. Qd4 Ke7 38. Kf3 Qa6 {Ke4} 1-0

[Event "I LIGA CS 2017"]
[Site "Banja Vrujci"]
[Date "2017.09.24"]
[Round "11.1"]
[White "Rakhmanov, Aleksandr"]
[Black "Georgiev, Kiril"]
[Result "0-1"]
[WhiteElo "2669"]
[BlackElo "2631"]
[PlyCount "132"]
[EventDate "2017.??.??"]
[WhiteClock "0:01:14"]
[BlackClock "0:03:29"]

1. c4 Nf6 2. Nf3 e6 3. b3 b6 4. g3 Bb7 5. Bg2 Be7 6. Bb2 O-O 7. O-O c5 8. e3 d6
9. Qe2 Nbd7 10. Nc3 Ne4 11. Nxe4 Bxe4 12. d3 Bb7 13. e4 a6 14. d4 cxd4 15. Nxd4
Qc7 16. Nc2 Rfe8 17. Ne3 Bf6 18. Rfd1 Red8 19. Rac1 Rac8 20. Ba3 Be7 21. h4 Nc5
22. Ng4 Bc6 23. f4 Re8 24. Bb2 Nd7 25. Kh2 e5 26. Rf1 Bf8 27. Ne3 Qb7 28. fxe5
Nxe5 29. Nd5 b5 30. Bh3 Rb8 31. Bd4 bxc4 32. bxc4 Bxd5 33. cxd5 g6 34. Rf6 Qe7
35. Rcf1 Bg7 36. R6f2 a5 37. Kg2 h5 38. Bc3 a4 39. a3 Rb3 40. Bb4 Rf8 41. Rd1
Rb8 42. Qa6 R8xb4 43. axb4 a3 44. Qa4 Rc3 45. b5 Nc4 46. Re1 Qe5 47. Rf4 g5 48.
hxg5 Qxg5 49. Bg4 Rxg3+ 50. Kxg3 Be5 51. Qxc4 Qxg4+ 52. Kf2 Qxf4+ 53. Ke2 a2
54. b6 Qh2+ 55. Kd3 Qg3+ 56. Re3 Qxe3+ 57. Kxe3 a1=Q 58. Qb4 Qg1+ 59. Kd3 Qf1+
60. Kc2 Qe2+ 61. Kc1 Bf4+ 62. Kb1 Qd1+ 63. Kb2 Bc1+ 64. Ka2 Qc2+ 65. Ka1 Bd2
66. b7 Bc3+ 0-1

[Event "I LIGA CS 2017"]
[Site "Banja Vrujci"]
[Date "2017.09.24"]
[Round "11.15"]
[White "Ristic, Nebojsa M"]
[Black "Jovanovic, Sasa M"]
[Result "1/2-1/2"]
[WhiteElo "2359"]
[BlackElo "2248"]
[PlyCount "74"]
[EventDate "2017.??.??"]
[WhiteClock "0:26:32"]
[BlackClock "1:30:52"]

1. d4 Nf6 2. c4 c5 3. d5 e6 4. Nc3 exd5 5. cxd5 d6 6. e4 g6 7. f4 Bg7 8. Bb5+
Nfd7 9. Nf3 a6 10. Bd3 b5 11. a3 O-O 12. O-O Re8 13. Kh1 b4 14. axb4 cxb4 15.
Na4 Nf6 16. e5 Ng4 17. e6 fxe6 18. dxe6 Bxe6 19. Ng5 Nf6 20. Nxe6 Rxe6 21. f5
gxf5 22. Bxf5 Re5 23. Qb3+ Kh8 24. Qh3 Ra7 25. Bf4 Ra5 26. b3 Nc6 27. Rad1 Ne5
28. Be3 Rb7 29. Nc5 Rf7 30. Ne6 Qe7 31. Ng5 Bf8 32. Nxf7+ Nxf7 33. Bd4 Ne5 34.
Bb1 Bg7 35. Rc1 Rc5 36. Bxc5 dxc5 37. Rce1 Bf8 1/2-1/2

[Event "I LIGA CS 2017"]
[Site "Banja Vrujci"]
[Date "2017.09.24"]
[Round "11.9"]
[White "Stankovic, Milos"]
[Black "Antic, Dejan"]
[Result "1/2-1/2"]
[WhiteElo "2400"]
[BlackElo "2431"]
[PlyCount "27"]
[EventDate "2017.??.??"]
[WhiteClock "1:05:35"]
[BlackClock "0:59:01"]

1. e4 e6 2. d4 d5 3. Nc3 Bb4 4. exd5 exd5 5. Bd3 Nc6 6. a3 Bxc3+ 7. bxc3 Nge7
8. Qh5 Be6 9. Ne2 Qd7 10. Nf4 Bf5 11. O-O O-O 12. Re1 Rad8 13. Rb1 Bxd3 14.
cxd3 1/2-1/2

[Event "I LIGA CS 2017"]
[Site "Banja Vrujci"]
[Date "2017.09.24"]
[Round "11.10"]
[White "Szuhanek, Ranko"]
[Black "Nestorovic, Dejan"]
[Result "1/2-1/2"]
[WhiteElo "2476"]
[BlackElo "2357"]
[PlyCount "87"]
[EventDate "2017.??.??"]
[WhiteClock "0:23:38"]
[BlackClock "0:22:14"]

1. c4 e5 2. g3 Nf6 3. Bg2 d5 4. cxd5 Nxd5 5. Nc3 Nb6 6. e3 c5 7. Nge2 Nc6 8. f4
Bd6 9. O-O O-O 10. f5 f6 11. Ne4 Be7 12. b3 Bd7 13. g4 Rc8 14. Ba3 Nb4 15. N2c3
Be8 16. Rc1 Nd3 17. Rc2 Bf7 18. Nf2 Nxf2 19. Rxf2 c4 20. Bxe7 Qxe7 21. bxc4
Bxc4 22. d3 Rfd8 23. Rfd2 Ba6 24. Be4 Rc5 25. Qc1 Rdc8 26. Nb1 Qc7 27. Na3 Qd6
28. Rxc5 Rxc5 29. Rc2 Rxc2 30. Nxc2 Na4 31. Nb4 Qc5 32. Qxc5 Nxc5 33. Bd5+ Kf8
34. Nxa6 Nxa6 35. Bxb7 Nb4 36. a3 Nc2 37. Kf2 Nxa3 38. Ke2 Ke7 39. Kd2 Kd6 40.
Kc3 Kc5 41. d4+ exd4+ 42. exd4+ Kb6 43. Bf3 a5 44. Bd1 1/2-1/2

[Event "I LIGA CS 2017"]
[Site "Banja Vrujci"]
[Date "2017.09.24"]
[Round "11.18"]
[White "Vlajkovic, Stanko"]
[Black "Vulicevic, Novica"]
[Result "1-0"]
[WhiteElo "2120"]
[BlackElo "2180"]
[PlyCount "63"]
[EventDate "2017.??.??"]
[WhiteClock "1:14:32"]
[BlackClock "0:11:08"]

1. e4 g6 2. d4 Bg7 3. Nc3 d6 4. f4 Nf6 5. Nf3 O-O 6. Bd3 c6 7. O-O b5 8. a3 a6
9. Qe1 c5 10. e5 Ng4 11. dxc5 dxc5 12. Qh4 f5 13. h3 Nh6 14. Be3 c4 15. Be2 e6
16. Ng5 Nc6 17. Rad1 Qc7 18. Rd6 Nd8 19. Rfd1 Qe7 20. Bf3 Rb8 21. Qf2 Nhf7 22.
Nxf7 Nxf7 23. Ba7 b4 24. Bxb8 bxc3 25. bxc3 Nxd6 26. Bxd6 Qe8 27. Bxf8 Bxf8 28.
Qb6 Be7 29. Bc6 Qf8 30. Kh2 Kf7 31. Qc7 h6 32. Rb1 1-0

[Event "I LIGA CS 2017"]
[Site "Banja Vrujci"]
[Date "2017.09.24"]
[Round "11.4"]
[White "Vratonjic, Slobo"]
[Black "Nestorovic, Lazar"]
[Result "0-1"]
[WhiteElo "2411"]
[BlackElo "2402"]
[PlyCount "100"]
[EventDate "2017.??.??"]
[BlackClock "1:10:48"]

1. e4 c5 2. Nf3 d6 3. c3 Nf6 4. Bd3 Nc6 5. O-O Bg4 6. h3 Bxf3 7. Qxf3 g6 8. Bb5
Qb6 9. Bxc6+ Qxc6 10. Re1 Bg7 11. d3 O-O 12. Be3 Nd7 13. Nd2 e5 14. Qd1 f5 15.
f3 Nf6 16. Qb3+ Kh8 17. Bg5 Nh5 18. Nf1 h6 19. Be7 Rfe8 20. Bh4 Nf4 21. Rad1
Nxd3 22. Rxd3 c4 23. Rxd6 Qxd6 24. Qxc4 Qb6+ 25. Bf2 Qxb2 26. Ne3 fxe4 27. Qxe4
Qxa2 28. Qxg6 Qe6 29. Qb1 a5 30. Nf5 Qg6 31. g4 a4 32. Qxb7 a3 33. Ra1 a2 34.
Ba7 Rf8 35. Rxa2 Qf7 36. Qa6 Rfd8 37. Nxg7 Kxg7 38. Qe2 Rxa7 39. Qxe5+ Kg8 40.
Rf2 Ra1+ 41. Kg2 Ra2 42. Rxa2 Qxa2+ 43. Kg3 Qd5 44. Qe3 Qd6+ 45. Kh4 Kf7 46.
Qf2 Qf6+ 47. Kg3 Qxc3 48. Qa7+ Kf8 49. Qa2 Qe1+ 50. Kf4 Qd2+ 0-1

[Event "I LIGA CS 2017"]
[Site "Banja Vrujci"]
[Date "2017.09.24"]
[Round "11.5"]
[White "Zivkovic, Sava"]
[Black "Solomunovic, Igor"]
[Result "1/2-1/2"]
[WhiteElo "2283"]
[BlackElo "2400"]
[PlyCount "137"]
[EventDate "2017.??.??"]
[WhiteClock "0:02:25"]
[BlackClock "0:09:10"]

1. e4 c5 2. Nf3 d6 3. d4 cxd4 4. Nxd4 Nf6 5. Nc3 Nc6 6. g3 g6 7. Nde2 Bg7 8.
Bg2 O-O 9. O-O Rb8 10. a4 a6 11. h3 b5 12. axb5 axb5 13. Nd5 Nd7 14. c3 e6 15.
Nb4 Nxb4 16. cxb4 Ne5 17. Ra2 Bb7 18. b3 Nc6 19. Rd2 Qe7 20. Rxd6 Rfd8 21.
Rxd8+ Rxd8 22. Qc2 Qxb4 23. Bg5 Rc8 24. Bd2 Qd6 25. Bf4 Ne5 26. Rd1 Qb6 27. Qd2
b4 28. Qd6 Qb5 29. Nd4 Qc5 30. Qxc5 Rxc5 31. Nf3 Nxf3+ 32. Bxf3 Rc8 33. Bd6 Bc3
34. Be7 Kg7 35. Kg2 e5 36. Rd7 Bc6 37. Ra7 Ra8 38. Rxa8 Bxa8 39. g4 f6 40. Kg3
Bd2 41. h4 Kf7 42. Bc5 Bc6 43. Bd6 Bb5 44. Bd1 Bd3 45. f3 Be1+ 46. Kg2 h5 47.
gxh5 gxh5 48. Bc5 Ke6 49. Bf2 Bc3 50. Bc5 f5 51. exf5+ Kxf5 52. Be7 Be1 53. Bg5
Ke6 54. f4 e4 55. Bxh5 e3 56. f5+ Bxf5 57. Bxe3 Bc2 58. Bg4+ Kf7 59. h5 Bxb3
60. Bf5 Bc3 61. Bb1 Bd1 62. h6 b3 63. Bc5 Kg8 64. Kf2 Bc2 65. Bxc2 bxc2 66. Ba3
Kh7 67. Ke2 Kxh6 68. Kd3 Bf6 69. Kxc2 1/2-1/2

[Event "I LIGA CS 2017"]
[Site "?"]
[Date "2017.09.24"]
[Round "11"]
[White "Vojinovic, Luka"]
[Black "Stankovic, Dragan P"]
[Result "0-1"]
[WhiteElo "2223"]
[BlackElo "2205"]
[PlyCount "116"]

1. d4 Nf6 2. Nf3 g6 3. b3 Bg7 4. Bb2 O-O 5. e3 d5 6. Bd3 b6 7. Nbd2 Bb7 8. O-O
c5 9. Ne5 Nbd7 10. f4 Ne4 11. Nxe4 dxe4 12. Bc4 Nxe5 13. fxe5 Qc7 14. Rf2 e6
15. Qg4 a6 16. a4 cxd4 17. exd4 b5 18. Bf1 Qb6 19. a5 Qc7 20. Qh3 Rfd8 21. c4
bxc4 22. bxc4 Rd7 23. Bc3 Rad8 24. Qe3 h5 25. h3 Bc6 26. Rb1 Rb8 27. Rfb2 Rxb2
28. Rxb2 Kh7 29. g4 Bh6 30. g5 Bf8 31. Rb6 Bb7 32. c5 Be7 33. Bc4 Kg7 34. h4
Kg8 35. Bb3 Bxc5 36. Ba4 Bxb6 37. axb6 Qc8 38. Bxd7 Qxd7 39. Bb4 Qb5 40. Bc5
Qb1+ 41. Kf2 a5 42. Qe1 Qb2+ 43. Qe2 Qc1 44. Qe3 Qh1 45. Qg3 a4 46. Ke2 Qc1 47.
Qe3 Qb2+ 48. Ke1 Qh2 49. Ba3 Qxh4+ 50. Kd2 Qh2+ 51. Kc3 Qa2 52. Kb4 Qb1+ 53.
Ka5 Qb3 54. Qc1 Qd5+ 55. Bc5 h4 56. Kxa4 h3 57. Qf4 Qc4+ 58. Ka3 Qc3+ 0-1

[Event "I LIGA CS 2017"]
[Site "?"]
[Date "2017.09.24"]
[Round "11"]
[White "Ivanov, Mikhail M"]
[Black "Soysal, Serkan"]
[Result "1/2-1/2"]
[WhiteElo "2389"]
[BlackElo "2381"]
[PlyCount "34"]

1. c4 Nf6 2. b3 e5 3. Bb2 Bc5 4. e3 d6 5. a3 O-O 6. Nf3 Re8 7. Be2 Bb6 8. b4
Nbd7 9. d4 e4 10. Nfd2 c6 11. g4 h6 12. h4 Nf8 13. c5 Bc7 14. cxd6 Bxd6 15. Nc3
Ng6 16. g5 hxg5 17. hxg5 Nh7 1/2-1/2

[Event "I LIGA CS 2017"]
[Site "?"]
[Date "2017.09.24"]
[Round "11"]
[White "Radovanovic, Nikola"]
[Black "Radovanovic, Jovica"]
[Result "1-0"]
[WhiteElo "2398"]
[BlackElo "2367"]
[PlyCount "117"]

1. e4 c5 2. Nf3 d6 3. d4 cxd4 4. Nxd4 Nf6 5. Nc3 Nc6 6. Bg5 e6 7. Qd2 Be7 8.
O-O-O Nxd4 9. Qxd4 O-O 10. f4 Qa5 11. h4 e5 12. Qe3 exf4 13. Bxf4 Be6 14. Bxd6
Bxd6 15. Rxd6 Rfd8 16. Rxd8+ Rxd8 17. Be2 h6 18. a3 a6 19. Rd1 Rxd1+ 20. Nxd1
Qe5 21. Nf2 Bd5 22. Bf3 Bc6 23. Nd3 Qg3 24. Qf2 Qh2 25. g3 Qh3 26. Nf4 Qd7 27.
e5 Ne4 28. Qe3 Qf5 29. Nd3 h5 30. Bg2 Qg6 31. Bxe4 Bxe4 32. Nf4 Qc6 33. Qc3
Qxc3 34. bxc3 g6 35. c4 Kf8 36. Nd5 Bh1 37. Kd2 Ke8 38. Ke3 Kd7 39. Kf4 Ke6 40.
Nb4 Bg2 41. Nd3 f6 42. Nc5+ Ke7 43. a4 Bh1 44. a5 Bg2 45. Nb3 fxe5+ 46. Kxe5
Kd7 47. Nc5+ Kc6 48. Nd3 b6 49. Kd4 bxa5 50. Nf4 Bf3 51. Nxg6 Bd1 52. Ne5+ Kc7
53. Kc5 a4 54. Kb4 Bxc2 55. g4 Kd6 56. Nf7+ Ke7 57. Nh6 hxg4 58. Nxg4 Kd6 59.
Ne3 1-0

[Event "I LIGA CS 2017"]
[Site "?"]
[Date "2017.09.24"]
[Round "11"]
[White "Radovic, Janko"]
[Black "Pantelic, Sasa"]
[Result "1/2-1/2"]
[WhiteElo "2330"]
[BlackElo "2300"]
[PlyCount "37"]

1. e4 c5 2. Nf3 d6 3. d4 cxd4 4. Nxd4 Nf6 5. Nc3 g6 6. Be3 Bg7 7. f3 O-O 8. Qd2
Nc6 9. g4 Be6 10. O-O-O Nxd4 11. Bxd4 Qa5 12. a3 Rfc8 13. h4 Rab8 14. Rh2 b5
15. Nd5 Qxd2+ 16. Rhxd2 Bxd5 17. exd5 Rc7 18. Re1 Ne8 19. Re3 1/2-1/2

[Event "I LIGA CS 2017"]
[Site "?"]
[Date "2017.09.24"]
[Round "11"]
[White "Jesic, Dusan"]
[Black "Radovic, Luka"]
[Result "0-1"]
[WhiteElo "2331"]
[BlackElo "2279"]
[PlyCount "112"]

1. e4 c5 2. Nf3 d6 3. c3 Nf6 4. Bd3 Nc6 5. h3 d5 6. exd5 Qxd5 7. Qe2 Bf5 8.
Bxf5 Qxf5 9. O-O e6 10. Na3 Be7 11. Nc4 O-O 12. d3 Rfd8 13. Rd1 Nd5 14. a4 Bf6
15. Kf1 Bxc3 16. bxc3 Nxc3 17. Qc2 Nxd1 18. Qxd1 Rxd3 19. Qe2 Rad8 20. Ne1 Rb3
21. Be3 Nd4 22. Qa2 Qd5 23. Rc1 Rb4 24. Bxd4 Qxd4 25. Nf3 Qf4 26. Rc3 Rd1+ 27.
Ke2 Rc1 28. Rd3 h6 29. Ne3 Qf6 30. Rd2 e5 31. Rc2 e4 32. Nd2 Qa6+ 33. Nec4 Rxa4
34. Qb3 Rxc2 35. Qxc2 b5 36. Ne3 Qc6 37. Nf5 Kf8 38. Qc3 f6 39. Qg3 Qd7 40.
Qb8+ Kf7 41. Nd6+ Kg6 42. N6xe4 Rd4 43. Qg3+ Kh7 44. Qe3 c4 45. Nc5 Qd5 46. Nf3
Rd1 47. Qe7 Ra1 48. Ke3 Rd1 49. Ne4 Qf5 50. Ke2 Rb1 51. Nfd2 Rb2 52. Ke3 Qe5
53. Qxe5 fxe5 54. Nf3 a5 55. Nxe5 a4 56. Nc3 a3 0-1

[Event "I LIGA CS 2017"]
[Site "?"]
[Date "2017.09.24"]
[Round "11"]
[White "Novoselski, Zoran"]
[Black "Urosevic, Zoran"]
[Result "1-0"]
[WhiteElo "2337"]
[BlackElo "2172"]
[PlyCount "125"]

1. e4 c5 2. Nf3 d6 3. d4 cxd4 4. Nxd4 Nf6 5. Nc3 a6 6. Bg5 e6 7. Qd3 Nbd7 8.
Be2 Qc7 9. f4 h6 10. Bxf6 Nxf6 11. Bf3 Be7 12. O-O-O Nd7 13. Kb1 Nb6 14. h4 Bd7
15. g4 O-O-O 16. Nce2 Kb8 17. Nc1 Nc4 18. Ncb3 Na5 19. Nxa5 Qxa5 20. Nb3 Qb6
21. Qd2 Rc8 22. Rh3 Rc7 23. Bg2 e5 24. f5 Rhc8 25. Rc1 f6 26. Bf1 Bc6 27. Re3
Rd8 28. c4 Ba4 29. Na1 Be8 30. Nc2 h5 31. Nb4 Bf7 32. gxh5 Ka8 33. Rg3 Bf8 34.
Nd5 Bxd5 35. exd5 Rdc8 36. Rg6 Rf7 37. Bg2 Qc7 38. b4 Kb8 39. Qe3 Qd7 40. Be4
Qd8 41. Rg2 Rfc7 42. Rgc2 Qe8 43. Bf3 Qe7 44. Be4 Qe8 45. Qf3 b6 46. Kb2 Qa4
47. a3 Qe8 48. Kb3 Rb7 49. Rg1 Kc7 50. c5 bxc5 51. Rxc5+ Kb8 52. Rc6 a5 53.
Rgc1 Rcc7 54. Qe2 axb4 55. axb4 Qe7 56. R1c4 Rxc6 57. dxc6 d5 58. cxb7 dxc4+
59. Qxc4 Qd7 60. Qd5 Qxd5+ 61. Bxd5 Bd6 62. Be4 Bc7 63. Kc4 1-0

[Event "I LIGA CS 2017"]
[Site "?"]
[Date "2017.09.24"]
[Round "11"]
[White "Mijailovic, Zoran"]
[Black "Jovanovic, Dusan D"]
[Result "1/2-1/2"]
[WhiteElo "2409"]
[BlackElo "2379"]
[PlyCount "120"]

1. d4 Nf6 2. c4 e6 3. Nf3 Bb4+ 4. Bd2 a5 5. Nc3 b6 6. e3 Bb7 7. Bd3 d6 8. Qc2
Nbd7 9. e4 e5 10. Nd5 Bxd2+ 11. Qxd2 O-O 12. O-O Re8 13. Rfe1 c6 14. Nc3 Qe7
15. Rad1 g6 16. Bf1 Kg7 17. g3 Nf8 18. Bh3 Rad8 19. b3 Qc7 20. Rc1 Bc8 21. Bxc8
Rxc8 22. d5 N8d7 23. dxc6 Qxc6 24. Rcd1 Nc5 25. Qxd6 Qa8 26. Nxe5 Ncxe4 27.
Nxe4 Nxe4 28. Qd4 Rcd8 29. Nd7+ Kh6 30. Qd5 Qxd5 31. Rxd5 Nc3 32. Rxe8 Rxe8 33.
Rd3 Nxa2 34. Nxb6 Nc1 35. Rf3 f5 36. Kf1 Re6 37. Nd5 Re4 38. Rc3 Ne2 39. Re3
Rxe3 40. fxe3 Nc1 41. b4 axb4 42. Nxb4 Nb3 43. Ke2 Kg5 44. Nd3 Kf6 45. Kd1 Na5
46. Nb2 Ke5 47. Ke2 Ke4 48. Kf2 g5 49. Ke2 h5 50. Kf2 f4 51. exf4 gxf4 52. c5
fxg3+ 53. Kxg3 Kd4 54. Na4 Kc4 55. Kh4 Kb5 56. Kxh5 Kxa4 57. h4 Kb5 58. Kg6 Nc4
59. h5 Ne5+ 60. Kf5 Nd7 1/2-1/2

[Event "I LIGA CS 2017"]
[Site "?"]
[Date "2017.09.24"]
[Round "11"]
[White "Djordjevic, Nebojsa"]
[Black "Nadj Hedjesi, Balind"]
[Result "1/2-1/2"]
[WhiteElo "2306"]
[BlackElo "2319"]
[PlyCount "219"]

1. d4 Nf6 2. c4 e6 3. a3 c5 4. e3 cxd4 5. exd4 d5 6. c5 b6 7. cxb6 Qxb6 8. Nf3
a5 9. Nc3 Be7 10. Be2 O-O 11. O-O Ba6 12. Na4 Qa7 13. Be3 Nbd7 14. Ne5 Rfc8 15.
Nd3 Rab8 16. Rb1 Ne4 17. Re1 Bc4 18. Rc1 Qa6 19. Nf4 Bd6 20. f3 Nef6 21. Rc2
Rc6 22. Bxc4 Rxc4 23. Qe2 Qb5 24. Rxc4 dxc4 25. Qc2 g6 26. Rc1 Nd5 27. Nxd5
exd5 28. Bd2 Nb6 29. Nxb6 Qxb6 30. Bc3 Qd8 31. Re1 Rb3 32. g3 a4 33. Kg2 h5 34.
f4 Qd7 35. Rf1 f5 36. Re1 Kf7 37. h4 Bf8 38. Re2 Rb8 39. Kf2 Bg7 40. Kg2 Bf6
41. Qd1 Re8 42. Rxe8 Qxe8 43. Kh2 Kg7 44. Qd2 Qe4 45. Qd1 Kh6 46. Qd2 Qd3 47.
Qf2 Kg7 48. Kg2 Kf7 49. Kh2 Ke6 50. Qe1+ Kd7 51. Qf2 Kc6 52. Kg2 Kb5 53. Kh2
Bd8 54. Qe1 Qe4 55. Qf2 Bb6 56. Kg1 Qb1+ 57. Kh2 Qd3 58. Qe1 Qc2+ 59. Kg1 Qe4
60. Qd2 Qd3 61. Qf2 Ba5 62. Qe1 Qxd4+ 63. Kh2 Bxc3 64. Qe8+ Kb6 65. Qd8+ Kb7
66. bxc3 Qf2+ 67. Kh3 Qf1+ 68. Kh2 Qe2+ 69. Kh3 Qg4+ 70. Kh2 Qe2+ 71. Kh3 Qe6
72. Qf8 Qc6 73. Qg7+ Ka6 74. Kh2 Qb6 75. Qd7 Qb5 76. Qd6+ Kb7 77. Qe7+ Kc8 78.
Qf8+ Kc7 79. Qe7+ Qd7 80. Qc5+ Kb7 81. Qb4+ Ka6 82. Qc5 Qe6 83. Kh3 Qd7 84. Kh2
Kb7 85. Qb4+ Kc7 86. Qc5+ Qc6 87. Qe7+ Kc8 88. Qf8+ Kb7 89. Qe7+ Ka6 90. Qd8
Qe6 91. Qa8+ Kb5 92. Qb8+ Kc6 93. Qb4 d4 94. Qxa4+ Kd5 95. Qa8+ Qc6 96. Qd8+
Qd6 97. Qg8+ Kc5 98. Qc8+ Kb5 99. Qb7+ Ka4 100. cxd4 c3 101. d5 Kxa3 102. Qa7+
Kb3 103. Qd4 Kc2 104. Kg2 Kb3 105. Qd3 Kb2 106. Qd4 Kb3 107. Qd3 Kb4 108. Qd4+
Kb5 109. Qxc3 Qxd5+ 110. Kh2 1/2-1/2

[Event "I LIGA CS 2017"]
[Site "?"]
[Date "2017.09.24"]
[Round "11"]
[White "Radovanovic, Mihajlo"]
[Black "Zafirovski, Mite"]
[Result "1-0"]
[WhiteElo "2369"]
[BlackElo "2247"]
[PlyCount "199"]

1. Nf3 Nf6 2. c4 e6 3. g3 d5 4. Bg2 Be7 5. d4 O-O 6. Qc2 c5 7. dxc5 Qa5+ 8. Qc3
Qxc5 9. cxd5 Nxd5 10. Qxc5 Bxc5 11. Bd2 Nc6 12. O-O Bd7 13. Nc3 Nxc3 14. Bxc3
Rfd8 15. Ne5 Nxe5 16. Bxe5 Bc6 17. Bxc6 bxc6 18. Rfd1 Rd5 19. Bc3 Rad8 20. Rdc1
Be7 21. Kf1 Kf8 22. e3 g6 23. Ke2 Ke8 24. Rc2 Rb5 25. Rac1 c5 26. g4 f5 27. h3
Rd6 28. f4 Ra6 29. b3 Rb7 30. g5 Kf7 31. Rd1 Rd6 32. Rxd6 Bxd6 33. Rd2 Be7 34.
Kd3 Ke8 35. Kc4 a6 36. Rd1 Rd7 37. Rh1 Kd8 38. h4 Kc7 39. h5 gxh5 40. Rxh5 Bf8
41. Rh1 Kc6 42. Rh2 Rf7 43. Be5 Rd7 44. Re2 Rd1 45. Bb2 Rh1 46. e4 fxe4 47.
Rxe4 Kd7 48. Re2 Bd6 49. Be5 Rc1+ 50. Kd3 Bxe5 51. Rxe5 Kd6 52. Re2 Kd5 53.
Re5+ Kd6 54. Re4 Kd5 55. Ra4 h6 56. gxh6 Rh1 57. Rxa6 Rxh6 58. Ra4 Rh3+ 59. Kc2
Rh2+ 60. Kc3 Rh3+ 61. Kb2 Rh2+ 62. Ka3 Rd2 63. Rc4 Rf2 64. Ka4 Rxa2+ 65. Kb5
Ra8 66. Rxc5+ Kd6 67. Rc4 Rb8+ 68. Ka4 Kd5 69. Ka3 Ra8+ 70. Kb4 Rh8 71. Rc5+
Kd6 72. Rc4 Kd5 73. Kc3 Rh3+ 74. Kb2 Rh8 75. Rc2 Rh4 76. Rc4 Rh8 77. Ka3 Ra8+
78. Ra4 Rf8 79. Kb2 Rc8 80. Ra5+ Kd6 81. Ka3 Rf8 82. Ra4 Kd5 83. Rc4 Rb8 84.
Rc1 Ra8+ 85. Kb2 Rf8 86. Rd1+ Ke4 87. Re1+ Kd5 88. Re5+ Kd6 89. Re4 Kd5 90. Ra4
Rc8 91. Ra1 Rf8 92. Ra5+ Kd6 93. Ra4 Rc8 94. Rd4+ Ke7 95. b4 Rh8 96. Kb3 Rh1
97. b5 Kf6 98. Ka4 Ra1+ 99. Kb4 Kf5 100. b6 1-0

[Event "I LIGA CS 2017"]
[Site "?"]
[Date "2017.09.24"]
[Round "11"]
[White "Maksimovic, Boban"]
[Black "Djordjevic, Vuk"]
[Result "0-1"]
[WhiteElo "2220"]
[BlackElo "2346"]
[PlyCount "70"]

1. c4 e5 2. g3 Nc6 3. Bg2 g6 4. Nc3 Bg7 5. Rb1 a5 6. a3 f5 7. d3 Nf6 8. Nf3 d6
9. b4 axb4 10. axb4 h6 11. b5 Ne7 12. Qb3 Be6 13. Bb2 O-O 14. Nd2 Rb8 15. Ba3
Qd7 16. Nd5 g5 17. b6 c6 18. Nc7 Bf7 19. Qb4 Rfd8 20. O-O h5 21. Nf3 Nh7 22.
Rfd1 g4 23. Nd2 h4 24. e4 hxg3 25. fxg3 f4 26. c5 dxc5 27. Qxc5 Ng6 28. Nc4 Bf8
29. Qa5 Qd4+ 30. Kh1 Bxc4 31. dxc4 Qxd1+ 32. Rxd1 Rxd1+ 33. Bf1 Rxf1+ 34. Kg2
Ra1 35. Qa7 Rd8 0-1